000 00290nam a22001337a 4500
008 181105b xxu||||| |||| 00| 0 eng d
020 _a9780962733482
041 _aeng
080 _a610
100 _a3
101 _ashm
245 _aThe Complete Therapies
_cPeter.A
942 _2udc
_cBK
999 _c51842
_d51842